000 00722nam a2200253Ia 4500
003 OSt
005 20220928113227.0
006 a|||||r|||| 00| 0
007 ta
008 220927b |||||||| |||| 00| 0 eng d
020 _c1012.1808
024 _a101439
037 _b503, 05/11/2009, Insat Books and Periodicals
_cTextual
040 _aSDCL
_cSDCL
_beng
041 _2eng
_aeng
082 _aR3xJ96, P9
100 _aPrado C G
_9432035
245 0 _aStarting with descartes.
260 _aLondon
_bContinuum
_c2009
300 _avi,170p
_ccm.
650 _aPhilosophy
942 _hR3xJ96, P9
_cTEXL
_2CC
999 _c748605
_d748605